| 000 | 02303cam a2200709 i 4500 | ||
|---|---|---|---|
| 001 | 22337 | ||
| 003 | KOSZ 005 | ||
| 005 | 20240829121818.0 | ||
| 008 | 240829s1983 pl a g 001 0 pol | ||
| 015 | _aUWD 1984/1372 | ||
| 020 | _a8301030399 | ||
| 035 | _a991009739399705066 | ||
| 035 | _a(PL-WaBN)b12631437-48omnis_nlop | ||
| 035 | _ab12631437 | ||
| 035 | _a(OCoLC)830245666 | ||
| 035 | _azz2003832842 | ||
| 035 | _a(PL)b0000001263143 | ||
| 035 | _a(EXLNZ-48OMNIS_NETWORK)9910033064505606 | ||
| 040 |
_aWA N _cWA N _dKOSZ 005/RW |
||
| 045 |
_bd0839 _bd1861 |
||
| 046 | _k1974 | ||
| 080 | _a94(47+57)".../18" | ||
| 080 | _a(075.8) | ||
| 100 | 1 |
_aOchmański, Jerzy _d(1933-1996) _eAutor |
|
| 245 | 1 | 0 |
_aDzieje Rosji do roku 1861 / _cJerzy Ochmański. |
| 250 | _aWydanie 3. | ||
| 260 |
_aWarszawa ; _aPoznań : _bPaństwowe Wydawnictwo Naukowe, _c1983. |
||
| 300 |
_a254, [1] strony : _bmapy ; _c24 cm. |
||
| 336 |
_aTekst _btxt _2rdacontent |
||
| 337 |
_aBez urządzenia pośredniczącego _bn _2rdamedia |
||
| 338 |
_aWolumin _bnc _2rdacarrier |
||
| 380 | _aKsiążki | ||
| 380 | _aPublikacje dydaktyczne | ||
| 385 |
_mPoziom nauczania _aSzkoły wyższe |
||
| 388 | 1 | _a1901-2000 | |
| 388 | 1 | _a1945-1989 | |
| 504 | _aBibliografia na stronach [235]-237. Indeksy. | ||
| 521 | 8 | _aPodręcznik dla studentów wydziałów historii i filologii rosyjskiej. | |
| 648 | 7 |
_a801-900 _2DBN |
|
| 648 | 7 |
_a 901-1000 _2DBN |
|
| 648 | 7 |
_a1001-1100 _2DBN |
|
| 648 | 7 |
_a1101-1200 _2DBN |
|
| 648 | 7 |
_a1201-1300 _2DBN |
|
| 648 | 7 |
_a1301-1400 _2DBN |
|
| 648 | 7 |
_a1401-1500 _2DBN |
|
| 648 | 7 |
_a1501-1600 _2DBN |
|
| 648 | 7 |
_a1601-1700 _2DBN |
|
| 648 | 7 |
_a1701-1800 _2DBN |
|
| 648 | 7 |
_a1801-1900 _2DBN |
|
| 650 | 7 | _aGospodarka | |
| 650 | 7 | _aKultura | |
| 650 | 7 | _aPolityka | |
| 650 | 7 | _aSpołeczeństwo | |
| 651 | 7 |
_aRosja _2DBN |
|
| 651 | 7 |
_aRuś _2DBN |
|
| 655 | 7 |
_aPodręczniki akademickie _2DBN |
|
| 658 | _aHistoria | ||
| 710 | 2 |
_aPaństwowe Wydawnictwo Naukowe _4pbl |
|
| 856 |
_uhttps://koha.tu.koszalin.pl/cgi-bin/koha/opac-detail.pl?biblionumber=22337 _yKatalog online BPK |
||
| 942 |
_2UKD _cKS |
||
| 999 |
_c22337 _d22337 |
||